[Event "79th GEO-ch 2020"]
[Site "Tbilisi"]
[Date "2020.02.09"]
[Round "4.4"]
[White "Arutinian, David"]
[Black "Gagunashvili, Merab"]
[Result "1/2-1/2"]
[WhiteElo "2551"]
[BlackElo "2580"]
[Annotator "TA"]
[PlyCount "81"]
[EventDate "2020.01.29"]
[EventType "k.o."]
[EventCountry "GEO"]
[SourceTitle "playchess.com"]
[Source "ChessBase"]
[SourceQuality "1"]

{[%evp 18,81,14,11,30,35,34,28,37,10,16,0,0,3,15,14,12,0,0,0,15,16,0,10,36,13,10,8,15,16,15,15,22,19,25,21,24,14,19,19,25,26,28,25,31,18,33,5,5,5,27,5,10,0,19,19,19,20,20,20,26,19,35,26,33,33]} 1. Nf3 d5 2. e3 Nf6 3. c4 c6 4. Nc3 e6 5. b3 Nbd7 6. Bb2 Bd6 7. d4 O-O 8. Bd3 b6 9. O-O Bb7 10. Qc2 c5 {D45: Semi-Slav: 5 e3.} 11. cxd5 exd5 12. Rfd1 Qe7 {White has an edge.} 13. Qe2 a6 14. Bf5 Rad8 15. Rac1 Rfe8 16. Bxd7 Nxd7 ({Don't play} 16... Qxd7 17. Na4 $16) 17. dxc5 Nxc5 {[#]} 18. Qc2 $146 ({Predecessor:} 18. Nd4 Bb8 19. g3 Ne6 20. Na4 b5 21. Nxe6 fxe6 22. Nc5 Bc8 23. e4 Ba7 24. b4 Qg5 {½-½ (24) Zueger,B (2425)-Khenkin,I (2590) Switzerland 2010}) 18... Ne4 19. Ne2 Rc8 20. Qd3 Ng5 21. Ned4 Nxf3+ 22. Nxf3 f6 (22... Rxc1 {with more complications.} 23. Rxc1 Qe4 24. Qd4 Qxd4 25. Bxd4 b5) 23. h3 Qd7 24. Nd4 Be5 25. Qd2 Rxc1 26. Rxc1 Rc8 27. Rd1 Bxd4 28. Bxd4 Qe6 29. a4 Qd6 30. Ra1 Rc6 31. Qe2 Qc7 32. Qg4 Bc8 33. Qh5 {[%cal Rh5e8] [#]} Qf7 (33... h6 {seems wilder.} 34. Qg6 a5 35. Bb2 Qe7 36. Qd3 Qe4) 34. Qf3 Be6 35. Qf4 Qb7 36. b4 {Threatens to win with b5.} b5 37. axb5 Qxb5 38. Bc5 Qb7 39. Qd4 Qc8 40. Ra5 h6 41. Ra1 {Accuracy: White = 92%, Black = 97%.} 1/2-1/2

[Event "79th GEO-ch 2020"]
[Site "Tbilisi"]
[Date "2020.02.09"]
[Round "4.5"]
[White "Gagunashvili, Merab"]
[Black "Arutinian, David"]
[Result "1-0"]
[WhiteElo "2580"]
[BlackElo "2551"]
[Annotator "TA"]
[PlyCount "67"]
[EventDate "2020.01.29"]
[EventType "k.o."]
[EventCountry "GEO"]
[SourceTitle "playchess.com"]
[Source "ChessBase"]
[SourceQuality "1"]

{[%evp 14,67,25,12,27,18,15,21,32,23,25,12,12,13,27,11,28,29,55,-9,-8,-7,-9,-13,-16,-46,3,-30,0,-44,100,94,81,69,112,67,136,130,201,195,260,256,303,300,585,591,572,354,712,688,714,725,721,665,564,562]} 1. Nf3 Nf6 2. c4 e6 3. g3 d5 4. Bg2 d4 5. O-O c5 6. e3 Nc6 7. exd4 cxd4 8. d3 h6 {A13: English Opening: 1...e6.} 9. Bf4 $1 {[%mdl 4] scores much better than the old 9.Re1.} Bd6 10. Bxd6 Qxd6 {The position is equal.} 11. Nbd2 O-O 12. a3 a5 13. Rc1 {[#]} e5 $146 ({Predecessor:} 13... Nd7 14. Ne4 Qe7 15. Qc2 a4 16. Nh4 g5 17. Nf3 Ra5 18. Rce1 b6 19. h4 g4 {½-½ (127) Bacallao Alonso,Y (2588)-Godart,F (2431) Batumi 2018}) 14. c5 Qc7 $1 15. Nc4 Be6 16. Re1 ({Better is} 16. Nb6 $14) 16... Nd7 $1 $11 17. Qe2 {[%cal Rf3e5]} e4 18. dxe4 Nxc5 19. Ncd2 Qb6 20. Nc4 Qc7 21. Ncd2 Qe7 (21... b6 $15 {keeps the upper hand.}) 22. Qb5 $36 {[%mdl 2048] Black is under strong pressure.} Na6 23. Ne5 Nab8 24. Ndc4 a4 {[#]} (24... Nxe5 $14 25. Nxe5 Nc6) 25. Nd3 $1 Rd8 (25... Na7 $16 26. Qc5 Qxc5 27. Nxc5 Nd7 28. Nxe6 (28. Nxb7 Nb5 $14) 28... fxe6) 26. e5 $18 Bxc4 (26... Bf5 $142 27. Nd6 Ra5 28. Qxb7 (28. Nxf5 Rxb5 29. Nxe7+ Nxe7 $16) 28... Bxd3) 27. Qxc4 Ra5 28. e6 fxe6 $2 (28... f5 29. Nf4 Re8) 29. Rxe6 ({Not} 29. Bxc6 Nxc6 30. Rxe6 Qf7 $14) 29... Qf7 30. Rce1 {Re8+ would kill now.} Nd7 $2 (30... Rf8 31. Bd5 Rxd5 32. Qxd5 Nd7) 31. Bxc6 {White is clearly winning.} bxc6 32. Re8+ Rxe8 33. Rxe8+ Nf8 {[#]} 34. Rxf8+ $1 {[%mdl 576] Pin. Accuracy: White = 76%, Black = 44%.} 1-0

[Event "79th GEO-ch 2020"]
[Site "Tbilisi"]
[Date "2020.02.09"]
[Round "4.6"]
[White "Arutinian, David"]
[Black "Gagunashvili, Merab"]
[Result "*"]
[WhiteElo "2551"]
[BlackElo "2580"]
[Annotator "TA"]
[PlyCount "65"]
[EventDate "2020.01.29"]
[EventType "k.o."]
[EventCountry "GEO"]
[SourceTitle "playchess.com"]
[Source "ChessBase"]
[SourceQuality "1"]

{[%evp 18,65,12,21,25,18,27,16,18,16,107,103,115,117,113,105,102,101,104,102,106,99,93,108,116,122,210,202,246,253,253,102,255,0,0,0,-12,-211,-203,-202,-196,-378,-386,-370,0,0,0,-4,0,-2]} 1. Nf3 d5 2. e3 Nf6 3. c4 c6 4. Nc3 e6 5. b3 Nbd7 6. Bb2 Bd6 7. d4 O-O 8. Bd3 b6 9. O-O Bb7 10. Qc2 Qe7 {D45: Semi-Slav: 5 e3} 11. e4 dxe4 12. Bxe4 {[#]} Nxe4 $146 ({Predecessor:} 12... Ba3 13. Bxa3 Qxa3 14. Ne5 Qd6 15. Rfe1 Rad8 16. Rad1 Qc7 17. Nf3 a6 18. h3 h6 19. Qc1 Nh5 {1-0 (19) Manolache,M (2513)-Baratosi,D (2448) Belgrade 2007}) 13. Nxe4 {[%cal Bc3e4,Be4g5,Bg5e6][%mdl 32]} c5 (13... Bc7 $11 {remains equal.}) 14. Neg5 $16 {[%csl Gg5][%cal Rc2h7]} g6 {[#]} 15. d5 $1 {[%mdl 512]} e5 (15... exd5 16. Rfe1) 16. Rae1 Rae8 17. h4 f6 18. Ne6 Rf7 19. h5 $36 {[%mdl 2048] White is on the roll.} Nf8 20. hxg6 Nxg6 21. Nh2 $1 {[%cal Rh2g4] Black must now prevent Ng4.} Bc8 {[#]} (21... Nf8 $16) 22. f4 $1 $18 ({Less strong is} 22. Ng4 Bxe6 23. Nh6+ (23. dxe6 Rff8 $14) 23... Kh8 $16) 22... exf4 23. Ng4 Be5 24. Nh6+ ({Stronger than} 24. Nxe5 fxe5 25. Bxe5 Bxe6 $11) 24... Kh8 {[#]} 25. Rxe5 $2 ({Weaker is} 25. Nxf7+ Qxf7 26. Bxe5 fxe5 $16) (25. Nxf4 $1 $18 Nxf4 26. Rxf4 {[%mdl 64] Pin}) 25... fxe5 $11 26. Nxf7+ Qxf7 27. Qe4 $2 (27. Bxe5+ $11 {and White has nothing to worry.} Nxe5 28. Qc3) 27... Bxe6 $19 28. dxe6 Qxe6 29. g3 $2 (29. Bc3) 29... Qg4 30. Rf3 Rd8 $2 ({Black should try} 30... h5 $19 {aiming for ...h4.} 31. Kf1 Kh7) 31. Bxe5+ $11 {[%mdl 64] Double Attack. The position is equal.} Kg8 {Strongly threatening ...Rd1+.} 32. Bxf4 $1 Nxf4 33. Qxf4 {Accuracy: White = 76%, Black = 72%.} *